Actors by Photo - Statistics

General Stats
  • This quiz has been taken 430 times
    400 since last reset
  • The average score is 19 of 48
Answer Stats
Picture Answer % Correct
Ryan Gosling
92%
Emma Stone
87%
Idris Elba
76%
Rami Malek
75%
Benedict Cumberbatch
72%
Cillian Murphy
71%
Tom Hardy
68%
Adam Driver
65%
Amy Adams
63%
Keira Knightley
61%
Ewan McGregor
52%
Elizabeth Olsen
50%
John Krasinski
50%
Lucy Liu
50%
Julianne Moore
49%
Colin Farrell
45%
Oscar Isaac
45%
James McAvoy
44%
Christoph Waltz
43%
Javier Bardem
42%
Mads Mikkelsen
42%
Hugh Laurie
41%
Elle Fanning
39%
Saoirse Ronan
39%
Sandra Oh
38%
Olivia Colman
36%
Jessica Chastain
35%
Miles Teller
35%
Michael Fassbender
34%
Viola Davis
34%
Dev Patel
32%
Mahershala Ali
32%
Eva Green
30%
Daniel Kaluuya
28%
Jean Reno
27%
Marion Cotillard
27%
Sophie Turner
27%
Rachel Weisz
25%
Alicia Vikander
19%
Felicity Jones
16%
Claire Foy
14%
Natalie Dormer
14%
Taraji P. Henson
14%
Michael C. Hall
13%
Hayley Atwell
11%
Mia Wasikowska
5%
Rufus Sewell
4%
Rachel Brosnahan
3%
No matching quizzes found
Score Distribution
Percent of People with Each Score
Percentile by Number Answered
Your Score History
You have not taken this quiz since the last reset